| 000 | 00669nam a2200217 i 4500 | ||
|---|---|---|---|
| 001 | bgj | ||
| 100 | 1 | _aLENGBORN, Thorbjörn. | |
| 245 | 1 | 0 |
_aSchriftsteller und Gesellschaft in der Schweiz : _beine Studie zur Behandlung der Gesellschaftsproblematik bei Zollinger, Frisch und Dürrenmatt / _cThorbjörn Lengborn. |
| 260 |
_aFrankfurt am Main : _bAthenäum Verlag, _c1972. |
||
| 300 |
_aXI, 340 s. ; _c23 cm. |
||
| 504 | _aBibliogr. 318-336. Indeks. | ||
| 650 | 9 | _aLiteratura | |
| 020 | _a376109259 | ||
| 040 | _cBPK | ||
| 041 | 0 | _ager | |
| 044 | _aDEU | ||
| 080 | _a82 | ||
| 920 | _a3-7610-9259-8 | ||
| 942 | _cKS | ||
| 008 | s gw f |000 0 ger | ||
| 999 |
_c50935 _d50935 |
||
| 856 |
_uhttp://koha.tu.koszalin.pl/cgi-bin/koha/opac-detail.pl?biblionumber=50935 _yKatalog online BPK |
||